|
|
|
|
| LEADER |
00916nam a22002532a 4500 |
| 001 |
001826284 |
| 003 |
CZ BrMZK |
| 005 |
20220608135635.0 |
| 007 |
ta |
| 008 |
220608s1938 xr a er|||||||||||cze d |
| 015 |
|
|
|a cnb000752417
|
| 035 |
|
|
|a (OCoLC)42615632
|
| 040 |
|
|
|a ABA001
|b cze
|c KLG001
|d ABA001
|
| 100 |
1 |
|
|a Modr, Antonín,
|d 1898-1983
|7 jk01081941
|4 aut
|
| 245 |
1 |
0 |
|a Hudební nástroje /
|c napsal Antonín Modr
|
| 260 |
|
|
|a V Praze :
|b Jednota hudebních stavů,
|c 1938
|f (V. Kotrba)
|
| 300 |
|
|
|a 136, [II] s. ;
|c 8°
|
| 490 |
1 |
|
|a Knihovna Hudební výchovy ;
|v č. 17
|
| 830 |
|
0 |
|a Knihovna Hudební výchovy
|
| 856 |
4 |
1 |
|u http://www.digitalniknihovna.cz/mzk/uuid/uuid:2cff0f20-1f73-11e3-9319-005056827e51
|y Digitalizovaný dokument
|x NDK
|
| 910 |
|
|
|a BOA001
|b 3-0142.005,17
|
| 990 |
|
|
|a BK
|
| 991 |
|
|
|b 202206
|
| 996 |
6 |
|
|b 2618737439
|c 3-0142.005,17
|l MZK
|r Sklad / do 1 hodiny
|n 0
|w 001890904
|u 000010
|a 1
|e BOA001
|j MZK50
|s P
|